00295nam a2200109Ia 4500008004100000041000800041100002200049245005400071260003100125300000900156700002000165250110s9999 xx 000 0 und d aeng aNimbalkar Shalaka aUrban Micro Climate Analysis Of Pune City : Aundh bBNCA M Arch EA, Punec2014 a123p aGuide Name:BNCA